00000000nam 2200000zi 4500
0019.945381
003CaOODSP
00520241120134553
006m     o  d f      
007cr |n|||||||||
008241120e198305##oncd    ob   f000 0 eng d
020 |z0662126262
040 |aCaOODSP|beng|erda|cCaOODSP
043 |an-cn---
0861 |aC2-73/1983E-PDF|zC2-73/1983E
24503|aAn automotive strategy for Canada : |breport of the Federal Task Force on the Canadian Motor Vehicle and Automotive Parts Industries to Hon. Edward C. Lumley, P.C., M.P., Minister of Industry, Trade and Commerce, and Regional Economic Expansion.
264 1|aOttawa, Ontario : |b[Department of Industry, Trade and Commerce and Regional Economic Expansion], |cMay 1983.
264 4|c©1983
300 |a1 online resource (xv, 193 pages) : |bgraphs
336 |atext|btxt|2rdacontent
337 |acomputer|bc|2rdamedia
338 |aonline resource|bcr|2rdacarrier
500 |aDigitized edition from print [produced by Innovation, Science and Economic Development Canada].
500 |aIssued also in French under title: Une stratégie pour l'industrie automobile au Canada : rapport du Groupe d'étude sur l'industrie canadienne des véhicules et des pièces automobiles présenté à Edward C. Lumley, Ministre de l'industrie et du commerce et de l'expansion économique régionale.
504 |aIncludes bibliographical references.
650 0|aAutomobile industry and trade|xGovernment policy|zCanada.
650 0|aAutomobile supplies industry|xGovernment policy|zCanada.
650 0|aTariff on automobile parts|zCanada.
7101 |aCanada. |bDepartment of Industry, Trade and Commerce, |eissuing body.
7101 |aCanada. |bRegional Economic Expansion, |eissuing body.
77508|tUne stratégie pour l'industrie automobile au Canada : |w(CaOODSP)9.945383
85640|qPDF|s7.14 MB|uhttps://publications.gc.ca/collections/collection_2024/isde-ised/c2/C2-73-1983-eng.pdf